| Tag |
First Indicator |
Second Indicator |
Subfields |
| LEADER |
00000cam a2200000 4500 |
| 001 |
in00000037084 |
| 005 |
20151007070413.0 |
| 008 |
730105s1959 enka b 00010 eng u |
| 010 |
|
|
|a 59002877
|
| 035 |
|
|
|a (OCoLC)00530072
|
| 035 |
|
|
|9 AAE3947AM
|
| 040 |
|
|
|c WSU
|d TXA
|d UtOrBLW
|
| 049 |
|
|
|a TXAM
|c [366820]
|
| 090 |
|
|
|a QB475
|b .D3
|
| 092 |
|
|
|a 523.016
|b D257r, 1959
|
| 100 |
1 |
|
|a Davies, R. D.
|q (Rodney Deane)
|
| 245 |
1 |
0 |
|a Radio studies of the universe /
|c by R. D. Davies & H. P. Palmer. Foreword by A. C. B. Lovell.
|
| 264 |
|
1 |
|a London :
|b Routledge and Paul,
|c [1959]
|
| 300 |
|
|
|a 200 pages :
|b illustrations ;
|c 23 cm.
|
| 336 |
|
|
|a text
|b txt
|2 rdacontent
|
| 337 |
|
|
|a unmediated
|b n
|2 rdamedia
|
| 338 |
|
|
|a volume
|b nc
|2 rdacarrier
|
| 504 |
|
|
|a Includes bibliography.
|
| 650 |
|
0 |
|a Radio astronomy.
|
| 700 |
1 |
|
|a Palmer, H. P.
|q (Henry Procter)
|
| 999 |
|
|
|a MARS
|
| 999 |
f |
f |
|s e6208567-e7ef-34ae-b8f2-386857a071c7
|i 36a808b5-bead-3ba1-9260-aa686761bdca
|t 0
|
| 952 |
f |
f |
|p ric
|a Texas A&M University
|b Rellis Campus
|c Joint Library Facility
|d Remote Storage
|t 0
|e QB475 .D3
|h Library of Congress classification
|i unmediated -- volume
|m A14800900605
|
| 998 |
f |
f |
|a QB475 .D3
|t 0
|l Remote Storage
|